| Tag |
First Indicator |
Second Indicator |
Subfields |
| LEADER |
00000cam a22000004a 4500 |
| 001 |
in00002332003 |
| 005 |
20151108042405.0 |
| 008 |
061020s2007 ilua b 000 0 eng |
| 010 |
|
|
|a 2006035018
|
| 015 |
|
|
|a GBA758150
|2 bnb
|
| 016 |
7 |
|
|a 013800554
|2 Uk
|
| 020 |
|
|
|a 1564784738 (alk. paper)
|
| 020 |
|
|
|a 9781564784735 (alk. paper)
|
| 035 |
|
|
|a (OCoLC)ocm74915448
|
| 035 |
|
|
|a (OCoLC)74915448
|
| 040 |
|
|
|a DLC
|c DLC
|d BTCTA
|d BAKER
|d UKM
|d C#P
|d YDXCP
|d UtOrBLW
|
| 049 |
|
|
|a TXAM
|
| 050 |
0 |
0 |
|a PR6029.N56
|b Z54 2007
|
| 082 |
0 |
0 |
|a 809/.93357
|2 22
|
| 100 |
1 |
|
|a Bohman-Kalaja, Kimberly.
|
| 245 |
1 |
0 |
|a Reading games :
|b an aesthetics of play in Flann O'Brien, Samuel Beckett & Georges Perec /
|c Kimberly Bohman-Kalaja.
|
| 250 |
|
|
|a 1st ed.
|
| 264 |
|
1 |
|a [Champaign, Ill.] :
|b Dalkey Archive Press,
|c 2007.
|
| 300 |
|
|
|a 267 pages :
|b illustrations ;
|c 23 cm.
|
| 336 |
|
|
|a text
|b txt
|2 rdacontent
|
| 337 |
|
|
|a unmediated
|b n
|2 rdamedia
|
| 338 |
|
|
|a volume
|b nc
|2 rdacarrier
|
| 490 |
1 |
|
|a Dalkey Archive scholarly series
|
| 504 |
|
|
|a Includes bibliographical references (pages 255-267).
|
| 600 |
1 |
0 |
|a O'Brien, Flann,
|d 1911-1966
|x Criticism, Textual.
|
| 600 |
1 |
0 |
|a Beckett, Samuel,
|d 1906-1989
|x Criticism, Textual.
|
| 600 |
1 |
0 |
|a Perec, Georges,
|d 1936-1982
|x Criticism, Textual.
|
| 650 |
|
0 |
|a Games in literature.
|
| 650 |
|
0 |
|a Experimental fiction
|x History and criticism
|x Theory, etc.
|
| 650 |
|
0 |
|a Literature
|x Explication.
|
| 650 |
|
0 |
|a Authors and readers.
|
| 650 |
|
0 |
|a Reader-response criticism.
|
| 650 |
|
0 |
|a Postmodernism (Literature)
|
| 650 |
|
0 |
|a Literary form.
|
| 830 |
|
0 |
|a Dalkey Archive scholarly series.
|
| 938 |
|
|
|a Baker and Taylor
|b BTCP
|n 2006035018
|
| 938 |
|
|
|a Baker & Taylor
|b BKTY
|c 34.95
|d 34.95
|i 1564784738
|n 0007034195
|s active
|
| 938 |
|
|
|a YBP Library Services
|b YANK
|n 100452495
|
| 945 |
|
|
|a PromptCat
|b 226419
|
| 946 |
|
|
|a stk
|
| 947 |
|
|
|a A14836250533
|
| 948 |
|
|
|a cataloged
|b h
|c 2007/9/26
|d c
|e dmartine
|f 3:06:56 pm
|
| 994 |
|
|
|a 92
|b TXA
|
| 999 |
|
|
|a MARS
|
| 999 |
f |
f |
|s 3e329756-02de-3f52-8618-60e18efce254
|i ada808ac-8b5c-32b8-9a3e-85e5baf096a7
|t 0
|
| 952 |
f |
f |
|p normal
|a Texas A&M University
|b College Station
|c Sterling C. Evans Library
|d Evans: Library Stacks
|t 0
|e PR6029.N56 Z54 2007
|h Library of Congress classification
|i unmediated -- volume
|m A14836250533
|
| 998 |
f |
f |
|a PR6029.N56 Z54 2007
|t 0
|l Evans: Library Stacks
|